The violence of order, orders of violence: between Fanon and Bourdieu /

Uloženo v:
Podrobná bibliografie
Hlavní autor: Holdt, Karl von
Médium: Text
Tagy: Přidat tag
Žádné tagy, Buďte první, kdo vytvoří štítek k tomuto záznamu!

MARC

LEADER 00000 a a2200000 04500
001 47213
003
040
100 |a Holdt, Karl von  
245 |a The violence of order, orders of violence:   |b between Fanon and Bourdieu /  |c Karl von Holdt  
773 |g volumen61, número2, (2013), páginas 112-131  
999 |c 19667  |d 19667